[Event "Kazakhstan Cup Final"]
[Site "Almaty"]
[Date "2024.11.17"]
[Round "3.6"]
[White "Makhnev, Denis"]
[Black "Nikitenko, Mihail"]
[Result "1/2-1/2"]
[WhiteElo "2536"]
[BlackElo "2490"]
[PlyCount "56"]
[EventDate "2024.11.12"]
[EventType "k.o."]
[EventRounds "4"]
[EventCountry "KAZ"]
[SourceTitle "CB47_2024"]
[SourceDate "2024.11.20"]
[SourceVersion "1"]
[SourceVersionDate "2024.11.20"]
[SourceQuality "1"]

1. d4 Nf6 2. c4 e6 3. Nf3 d5 4. e3 c6 5. Nc3 Nbd7 6. Qc2 Bd6 7. Bd3 dxc4 8. Bxc4 a6 9. 0-0 0-0 10. Bd3 b5 11. Ne4 Qc7 12. Bd2 Bb7 13. Rfc1 Nxe4 14. Bxe4 Nf6 15. Bd3 h6 16. h3 Qe7 17. Be1 Rac8 18. Qe2 c5 19. dxc5 Bxc5 20. a4 bxa4 21. Rxa4 Bb6 22. Rac4 Rxc4 23. Rxc4 a5 24. Rc1 Rc8 25. Rxc8+ Bxc8 26. Ne5 Qc5 27. Nc4 Bc7 28. Qc2 Nd5 1/2-1/2